[Event "Challenge"]
[Site "http://www.queenalice.com/game.php?id=350129"]
[Date "2008.2.7"]
[Round "-"]
[White "Kronista"]
[Black "fabriciosousa"]
[Result "1-0"]
[WhiteElo "1718"]
[BlackElo "1704"]

1. e4 c5 2. d4 cxd4 3. Nf3 Nc6 4. Nxd4 e5 5. Nf3 Nf6 6. Bg5 Be7 7. Nc3 O-O 8.
Bc4 h6 9. Bh4 d6 10. Qd2 Bg4 11. O-O-O a6 12. Bxf6 Bxf6 13. Qxd6 Bxf3 14. gxf3
Qxd6 15. Rxd6 Nd4 16. Nd5 Bg5+ 17. Kd1 Rfd8 18. Rxd8+ Rxd8 19. h4 Bf4 20. c3
Nxf3 21. Ke2 Nd2 22. Rd1 Kf8 23. Nxf4 exf4 24. Rxd2 Rxd2+ 25. Kxd2 g5 26. hxg5
hxg5 27. Bd5 b6 28. b4 Ke7 29. a4 f6 30. a5 bxa5 31. bxa5 Kd6 32. Bb7 Kc5 33.
Bxa6 Kd6 34. Ke2 Ke5 35. Bb7 Kd6 36. a6 Kc7 37. Kf3 Kb6 38. Kg4 Ka7 39. e5 fxe5
40. Kxg5 1-0

[Event "Challenge"]
[Site "http://www.queenalice.com/game.php?id=350131"]
[Date "2008.2.7"]
[Round "-"]
[White "fabriciosousa"]
[Black "Kronista"]
[Result "0-1"]
[WhiteElo "1939"]
[BlackElo "1884"]

1. e4 e5 2. Nf3 Nc6 3. Bb5 a6 4. Bc4 Bc5 5. O-O Nf6 6. d3 d6 7. Bg5 Bg4 8. h3
Bh5 9. g4 Bg6 10. Nc3 h5 11. Nd5 hxg4 12. Bxf6 gxf6 13. hxg4 Nd4 14. c3 Nxf3+
15. Qxf3 f5 16. gxf5 Qg5+ 17. Qg3 Qxg3# 0-1

[Event "Let's Play Chess!"]
[Site "http://www.queenalice.com/game.php?id=351834"]
[Date "2008.2.10"]
[Round "-"]
[White "cleber"]
[Black "fabriciosousa"]
[Result "1-0"]
[WhiteElo "1762"]
[BlackElo "1931"]

1. Nf3 Nc6 2. g3 Nf6 3. Bg2 e5 4. d3 Be7 5. O-O O-O 6. c4 Rb8 7. Nc3 h6 8. a3 d6
9. b4 a6 10. Bb2 Qe8 11. h3 Nd8 12. e4 b6 13. d4 exd4 14. Nxd4 c5 15. Nc2 Nd7
16. Ne3 Bb7 17. Ncd5 Bxd5 18. Nxd5 Ne6 19. Re1 Qd8 20. Qc2 Nc7 21. Ne3 Bf6 22.
Rad1 Bxb2 23. Qxb2 Ne5 24. f4 Nc6 25. Nf5 Ne8 26. Rxd6 Qc7 27. Rxc6 1-0

[Event "Let's Play Chess!"]
[Site "http://www.queenalice.com/game.php?id=351835"]
[Date "2008.2.10"]
[Round "-"]
[White "fabriciosousa"]
[Black "cleber"]
[Result "0-1"]
[WhiteElo "1931"]
[BlackElo "1569"]

1. e4 c5 2. Nf3 e6 3. d4 cxd4 4. Nxd4 Nc6 5. Be3 a6 6. Nc3 Nf6 7. f3 Qc7 8. Qd2
Be7 9. O-O-O b5 10. Nb3 b4 11. Ne2 a5 12. Bf4 e5 13. Be3 a4 14. Na1 O-O 15. Kb1
d5 16. exd5 Nxd5 17. Ng3 Rd8 18. Bd3 a3 19. Qf2 axb2 20. Kxb2 Nc3 21. Bb6 Rxa2+
22. Kb3 Be6+ 23. Bc4 Bxc4+ 24. Kxc4 Na5# 0-1

[Event "Challenge"]
[Site "http://www.queenalice.com/game.php?id=352236"]
[Date "2008.2.10"]
[Round "-"]
[White "BOBBY27"]
[Black "fabriciosousa"]
[Result "1-0"]
[WhiteElo "1811"]
[BlackElo "1937"]

1. e4 c5 2. Nf3 d6 3. d4 cxd4 4. Nxd4 Nc6 5. Bb5 Bd7 6. Nxc6 bxc6 7. Bd3 e5 8.
Be3 Nf6 9. O-O Be7 10. c4 O-O 11. Nc3 c5 12. Be2 Rb8 13. b3 Qe8 14. a4 Bd8 15.
Qc2 Ba5 16. Nb5 Bxb5 17. axb5 Bb6 18. Rfd1 Qe7 19. Bg5 Ra8 20. Ra6 h6 21. Bh4 g5
22. Bg3 Ne8 23. Bg4 Nc7 24. Raa1 Ne6 25. Bxe6 fxe6 26. Qe2 Kh7 27. Ra2 Rad8 28.
h3 Qf7 29. Rad2 Bc7 30. Rd3 Rd7 31. Bxe5 d5 32. Bxc7 Rxc7 33. exd5 exd5 34. Rxd5
Re7 35. Qd3+ Kg8 36. f3 Rfe8 37. Qd2 Re2 38. Qc1 Qe7 39. Kf1 Qc7 40. Qb1 Qg3 41.
Qg6+ Kf8 42. Rf5+ Ke7 43. Qf6# 1-0

[Event "Challenge"]
[Site "http://www.queenalice.com/game.php?id=352237"]
[Date "2008.2.10"]
[Round "-"]
[White "fabriciosousa"]
[Black "BOBBY27"]
[Result "1-0"]
[WhiteElo "1924"]
[BlackElo "1810"]

1. e4 c5 2. Nf3 d6 3. d4 cxd4 4. Nxd4 Nf6 5. Nc3 a6 6. Bd3 e5 7. Nb3 Nbd7 8. Bg5
Be7 9. O-O O-O 10. Kh1 Qc7 11. Qe2 Re8 12. Rac1 b6 13. a3 Bb7 14. f3 Kh8 15. f4
exf4 16. Bxf4 Ne5 17. Bxe5 dxe5 18. Nd2 Ng8 19. Rxf7 Nh6 20. Rf2 Qd7 21. Bc4 Bf6
22. h3 Nf7 23. Rd1 Qc7 24. Nd5 Bxd5 25. Bxd5 Ra7 26. c3 Nd6 27. c4 Qe7 28. Qh5
Rf8 29. Rff1 Qe8 30. Qxe8 Rxe8 31. Nf3 Rc7 32. Rc1 Rec8 33. Nh2 Nxc4 34. Be6 Ne3
35. Bxc8 1-0

[Event "Heaven vs Hell"]
[Site "http://www.queenalice.com/game.php?id=352565"]
[Date "2008.2.11"]
[Round "-"]
[White "Blackangel"]
[Black "fabriciosousa"]
[Result "1-0"]
[WhiteElo "1963"]
[BlackElo "1923"]

1. e4 c5 2. Nf3 d6 3. d4 cxd4 4. Nxd4 Nc6 5. Nxc6 bxc6 6. Nc3 g6 7. Bc4 Bg7 8.
Qf3 e6 9. O-O d5 10. exd5 cxd5 11. Re1 Bxc3 12. Qxc3 Qf6 13. Bxd5 Qxc3 14. bxc3
Rb8 15. Bf4 Rb6 16. Be5 f6 17. Bd4 Rd6 18. Bf3 e5 19. Bxa7 Kf7 20. Bc5 Rd2 21.
Re2 Rd7 22. a4 Ne7 23. a5 Ba6 24. Ree1 Rc8 25. Bb4 Rd2 26. Red1 Rxc2 27. Rd7 Ke8
28. Rxe7+ Kf8 29. Rc7+ Ke8 30. Bc6+ Kd8 31. Rd7+ Ke8 32. Rxh7+ Kd8 33. Rd1+ 1-0

[Event "Heaven vs Hell"]
[Site "http://www.queenalice.com/game.php?id=352570"]
[Date "2008.2.11"]
[Round "-"]
[White "fabriciosousa"]
[Black "Blackangel"]
[Result "1-0"]
[WhiteElo "1919"]
[BlackElo "1967"]

1. e4 d5 2. exd5 Qxd5 3. Nc3 Qa5 4. Nf3 Nf6 5. Be2 Nc6 6. O-O b6 7. h3 Bb7 8. a3
e6 9. d4 O-O-O 10. Be3 Nd5 11. Nxd5 Qxd5 12. c4 Qd7 13. Qc2 Ne7 14. Ne5 Qe8 15.
b4 Nf5 16. c5 Nxd4 17. Bxd4 Rxd4 18. cxb6 axb6 19. Qc3 Rd5 20. Bf3 Rd6 21. Rac1
Qe7 22. Bxb7+ Kxb7 23. b5 f6 24. Nc6 Qd7 25. Qf3 Rd3 26. Na5+ Ka7 27. Qb7# 1-0

[Event "Let's Play Chess!"]
[Site "http://www.queenalice.com/game.php?id=354944"]
[Date "2008.2.15"]
[Round "-"]
[White "arsen387"]
[Black "fabriciosousa"]
[Result "1-0"]
[WhiteElo "1415"]
[BlackElo "1712"]

1. e4 c5 2. Nf3 d6 3. d4 cxd4 4. Nxd4 Nc6 5. Nb3 Nf6 6. Nc3 g6 7. Bg5 Bg7 8. Qd2
O-O 9. O-O-O Be6 10. Kb1 Qc7 11. h4 a5 12. Bh6 a4 13. Bxg7 Kxg7 14. Nd4 Nxd4 15.
Qxd4 a3 16. b3 Rfc8 17. Rd3 Kf8 18. h5 Kg8 19. hxg6 fxg6 20. Rdh3 Bxh3 21. Rxh3
Qc5 22. Qxc5 Rxc5 23. Bc4+ Kg7 24. f3 1-0

[Event "Let's Play Chess!"]
[Site "http://www.queenalice.com/game.php?id=354959"]
[Date "2008.2.15"]
[Round "-"]
[White "fabriciosousa"]
[Black "arsen387"]
[Result "0-1"]
[WhiteElo "1712"]
[BlackElo "1346"]

1. e4 c5 2. Nf3 Nc6 3. d4 e6 4. Nc3 d5 5. exd5 exd5 6. Bb5 Nf6 7. O-O Be7 8. Bg5
O-O 9. Re1 Bg4 10. h3 cxd4 11. hxg4 dxc3 12. Bxc6 bxc6 13. Bxf6 Bxf6 14. b3 Re8
15. Qd3 h6 16. Rxe8+ Qxe8 17. Re1 Qd7 18. Qa6 Re8 19. Rxe8+ Qxe8 0-1

[Event "Let's Play Chess!"]
[Site "http://www.queenalice.com/game.php?id=355089"]
[Date "2008.2.16"]
[Round "-"]
[White "tahlJr"]
[Black "fabriciosousa"]
[Result "1-0"]
[WhiteElo "1839"]
[BlackElo "1922"]

1. e4 c5 2. Nf3 d6 3. d4 cxd4 4. Nxd4 Nc6 5. Nc3 e5 6. Ndb5 Nf6 7. Nd5 Nxd5 8.
exd5 Ne7 9. c4 a6 10. Qa4 Bd7 11. Nxd6# 1-0

[Event "Let's Play Chess!"]
[Site "http://www.queenalice.com/game.php?id=355090"]
[Date "2008.2.16"]
[Round "-"]
[White "fabriciosousa"]
[Black "tahlJr"]
[Result "0-1"]
[WhiteElo "1910"]
[BlackElo "2310"]

1. e4 c6 2. Nf3 d5 3. e5 Bf5 4. d4 e6 5. b3 Nd7 6. Be2 c5 7. c3 Rc8 8. O-O cxd4
9. cxd4 Ne7 10. Bb2 Nc6 11. h3 Be7 12. Bd3 Bxd3 13. Qxd3 Nb4 14. Qb5 a6 15. Qxb7
Rc7 16. Qxc7 Qxc7 17. Nbd2 Nd3 18. Rab1 Qc2 19. Ba1 Bb4 20. Rfd1 Qxa2 21. Ne1
Nxe1 22. Rb2 Qa5 23. Rxe1 Bxd2 24. Rd1 Bc3 25. Rbb1 O-O 26. Bxc3 Qxc3 27. b4 Rb8
28. Kh2 Rxb4 29. Rdc1 Qxd4 30. Rc8+ Nf8 31. Rxb4 Qxb4 32. Ra8 a5 33. Kg3 a4 34.
f4 a3 35. Kf3 a2 36. Ke2 a1=Q 37. Rxa1 Qb2+ 38. Kf3 Qxa1 39. Ke3 d4+ 40. Kd3
Qc3+ 0-1

[Event "Heaven vs Hell-2"]
[Site "http://www.queenalice.com/game.php?id=355306"]
[Date "2008.2.16"]
[Round "1"]
[White "Gera"]
[Black "fabriciosousa"]
[Result "1-0"]
[WhiteElo "1901"]
[BlackElo "1931"]

1. e4 c5 2. f4 Nc6 3. Nf3 d6 4. Nc3 h6 5. Be2 Bg4 6. O-O e6 7. Bb5 a6 8. Bxc6+
bxc6 9. d4 c4 10. Ne2 d5 11. Ne5 Bxe2 12. Qxe2 Qc7 13. f5 Bd6 14. Bf4 Nf6 15.
fxe6 fxe6 16. Ng6 Rg8 17. e5 Ne4 18. exd6 Nxd6 19. Qxe6+ 1-0

[Event "Let's Play Chess!"]
[Site "http://www.queenalice.com/game.php?id=356151"]
[Date "2008.2.18"]
[Round "-"]
[White "vanhoute"]
[Black "fabriciosousa"]
[Result "1-0"]
[WhiteElo "1567"]
[BlackElo "1817"]

1. e4 c5 2. Nc3 d6 3. Bb5+ Nc6 4. d3 a6 5. Bxc6+ bxc6 6. Qf3 Bb7 7. Nge2 e5 8.
Ng3 Nf6 9. Bg5 Be7 10. Nf5 O-O 11. O-O h6 12. Nxe7+ Qxe7 13. Bh4 g5 14. Bg3 Bc8
15. h3 Kg7 16. b3 Nd7 17. Qe2 1-0

[Event "Let's Play Chess!"]
[Site "http://www.queenalice.com/game.php?id=356160"]
[Date "2008.2.18"]
[Round "-"]
[White "fabriciosousa"]
[Black "vanhoute"]
[Result "0-1"]
[WhiteElo "1791"]
[BlackElo "1593"]

1. e4 c5 2. Nf3 Nc6 3. d4 cxd4 4. Nxd4 Nf6 5. Nc3 e6 6. Bg5 Be7 7. f4 d6 8. Bb5
Bd7 9. O-O O-O 10. Nxc6 bxc6 11. Bd3 Ne8 12. Bxe7 Qxe7 13. e5 dxe5 14. fxe5 f6
15. Qh5 f5 16. g4 g6 0-1

[Event "Challenge"]
[Site "http://www.queenalice.com/game.php?id=357970"]
[Date "2008.2.20"]
[Round "-"]
[White "quifaiquoi"]
[Black "fabriciosousa"]
[Result "1-0"]
[WhiteElo "2173"]
[BlackElo "1767"]

1. d4 Nf6 2. Nf3 g6 3. g3 Bg7 4. Bg2 O-O 5. O-O d5 6. Nbd2 Nbd7 7. b3 Rb8 8. c4
c6 9. Bb2 Nb6 10. a3 Bg4 11. Ne5 Bc8 12. Rc1 Nbd7 13. Ndf3 1-0

[Event "Challenge"]
[Site "http://www.queenalice.com/game.php?id=357971"]
[Date "2008.2.20"]
[Round "-"]
[White "fabriciosousa"]
[Black "quifaiquoi"]
[Result "0-1"]
[WhiteElo "1763"]
[BlackElo "2175"]

1. e4 c5 2. Nf3 Nc6 3. d4 cxd4 4. Nxd4 Qb6 5. Nxc6 bxc6 6. Nc3 Ba6 7. Bxa6 Qxa6
8. Qe2 Qb7 9. O-O g6 10. Rb1 Bg7 11. e5 Nh6 0-1

[Event "Satanás"]
[Site "http://www.queenalice.com/game.php?id=358400"]
[Date "2008.2.21"]
[Round "-"]
[White "fabriciosousa"]
[Black "GMNeny"]
[Result "0-1"]
[WhiteElo "1890"]
[BlackElo "1875"]

1. e4 c5 2. Nf3 d6 3. d4 cxd4 4. Nxd4 Nf6 5. Bd3 e5 6. Nb3 Be7 7. O-O O-O 8. Nc3
Be6 9. f4 exf4 10. Bxf4 Qb6+ 11. Kh1 Nbd7 12. h3 Ne5 13. Bxe5 dxe5 14. Qf3 Nd7
15. Rab1 Rac8 16. Nd5 Qd8 17. Nxe7+ Qxe7 18. a3 Nc5 19. Nxc5 Qxc5 20. Qf2 Qxf2
21. Rxf2 f6 22. Rc1 Bc4 23. Rff1 Bxd3 24. cxd3 Kf7 25. Kh2 Ke6 26. g4 Rfd8 27.
Rxc8 Rxc8 28. Rf2 Rc1 0-1

[Event "Jaiminhocarteiro"]
[Site "http://www.queenalice.com/game.php?id=358401"]
[Date "2008.2.21"]
[Round "-"]
[White "GMNeny"]
[Black "fabriciosousa"]
[Result "1-0"]
[WhiteElo "1857"]
[BlackElo "1908"]

1. e4 c5 2. Nc3 Nc6 3. f4 e6 4. Nf3 d5 5. Bb5 a6 6. Bxc6+ bxc6 7. O-O Nf6 8. d3
Be7 9. Qe1 O-O 10. Ne5 Bb7 11. f5 Nd7 12. Ng4 d4 13. Ne2 Nf6 14. Qg3 exf5 15.
Rxf5 Nxg4 16. Qxg4 Bc8 17. Bh6 g6 18. Bxf8 Bxf5 19. exf5 Bxf8 20. Rf1 Bh6 21.
fxg6 Be3+ 22. Kh1 fxg6 23. Qe6+ Kh8 24. Qe5+ Kg8 25. Qxc5 Qc7 26. Qc4+ 1-0

[Event "Let's Play Chess!"]
[Site "http://www.queenalice.com/game.php?id=358578"]
[Date "2008.2.21"]
[Round "-"]
[White "fabriciosousa"]
[Black "beginchess"]
[Result "0-1"]
[WhiteElo "1862"]
[BlackElo "1617"]

1. e4 e5 2. Nf3 d6 3. d4 Nd7 4. dxe5 dxe5 5. Bc4 Be7 6. O-O Ngf6 7. Nc3 O-O 8.
h3 a6 9. Qe2 c6 10. Bg5 b5 11. Bd3 c5 12. b3 h6 13. Bh4 Bb7 14. Bg3 Bd6 0-1